Ramona empieza el curso / (Record no. 20744)

MARC details
000 -LEADER
fixed length control field 01979cam a2200529 a 4500
001 - CONTROL NUMBER
control field sjds1066634
003 - CONTROL NUMBER IDENTIFIER
control field sjds
005 - DATE AND TIME OF LATEST TRANSACTION
control field 20200627200837.0
008 - FIXED-LENGTH DATA ELEMENTS--GENERAL INFORMATION
fixed length control field 970219t19971997nyua j 000 1 spa
010 ## - LIBRARY OF CONGRESS CONTROL NUMBER
LC control number 97002998
020 ## - INTERNATIONAL STANDARD BOOK NUMBER
International Standard Book Number 0688154670 :
Terms of availability $15.00
020 ## - INTERNATIONAL STANDARD BOOK NUMBER
International Standard Book Number 0833573063 :
020 ## - INTERNATIONAL STANDARD BOOK NUMBER
International Standard Book Number 0688154875 (pbk.)
020 ## - INTERNATIONAL STANDARD BOOK NUMBER
International Standard Book Number 9780688154875 (pbk.)
020 ## - INTERNATIONAL STANDARD BOOK NUMBER
International Standard Book Number 9780688154875
Terms of availability $6.99
020 ## - INTERNATIONAL STANDARD BOOK NUMBER
International Standard Book Number 0688154875
Terms of availability $6.99
035 ## - SYSTEM CONTROL NUMBER
System control number 149149
035 ## - SYSTEM CONTROL NUMBER
System control number (OCoLC)36461605
035 ## - SYSTEM CONTROL NUMBER
System control number 149149
040 ## - CATALOGING SOURCE
Original cataloging agency DLC
Transcribing agency NjSoBT
Modifying agency NjSoBT
-- UtOrBLW
041 1# - LANGUAGE CODE
Language code of text/sound track or separate title spa
Language code of original eng
049 ## - LOCAL HOLDINGS (OCLC)
Holding library IFAD
099 ## - LOCAL FREE-TEXT CALL NUMBER (OCLC)
Filing suffix 1997
100 1# - MAIN ENTRY--PERSONAL NAME
Personal name Cleary, Beverly,
Relator term author.
240 10 - UNIFORM TITLE
Uniform title <a href="Ramona Quimby, age 8.">Ramona Quimby, age 8.</a>
Language of a work Spanish
245 10 - TITLE STATEMENT
Title Ramona empieza el curso /
Statement of responsibility, etc. Beverly Cleary ; ilustrado por Alan Tiegreen ; traducido por Gabriela Bustelo.
250 ## - EDITION STATEMENT
Edition statement Edition en español.
260 ## - PUBLICATION, DISTRIBUTION, ETC. (IMPRINT)
Place of publication, distribution, etc. New York :
Name of publisher, distributor, etc. Morrow Junior Books,
Date of publication, distribution, etc. c1997
264 #1 - PRODUCTION, PUBLICATION, DISTRIBUTION, MANUFACTURE, AND COPYRIGHT NOTICE
Place of production, publication, distribution, manufacture New York :
Name of producer, publisher, distributor, manufacturer Morrow Junior Books,
Date of production, publication, distribution, manufacture, or copyright notice [1997]
264 #4 - PRODUCTION, PUBLICATION, DISTRIBUTION, MANUFACTURE, AND COPYRIGHT NOTICE
Date of production, publication, distribution, manufacture, or copyright notice c1997
300 ## - PHYSICAL DESCRIPTION
Extent 212 pages :
Other physical details illustrations ;
Dimensions 21 cm
336 ## - CONTENT TYPE
Content type term text
Content type code txt
Source rdacontent
337 ## - MEDIA TYPE
Media type term unmediated
Media type code n
Source rdamedia
338 ## - CARRIER TYPE
Carrier type term volume
Carrier type code nc
Source rdacarrier
500 ## - GENERAL NOTE
General note Título original: Ramona Quimby, age 8.
520 ## - SUMMARY, ETC.
Summary, etc. "La Sra. Kemp debe cuidar a Ramona para que su madre pueda ir a trabajar. Su madre debe ir a trabajar para que su padre pueda volver a la universidad. Pero lo peor de todo no es eso; lo peor de todo es que el tercer grado es completamente diferente de lo que Ramona pensaba..."--Page 4 of cover.
520 ## - SUMMARY, ETC.
Summary, etc. The further adventures of the Quimby family as Ramona enters the third grade.
526 0# - STUDY PROGRAM INFORMATION NOTE
Program name Accelerated Reader
Interest level MG
Reading level 5.6
Title point value 3.0
Public note 134SP
546 ## - LANGUAGE NOTE
Language note Text in Spanish.
650 #0 - SUBJECT ADDED ENTRY--TOPICAL TERM
Topical term or geographic name as entry element Families
Form subdivision Juvenile fiction.
650 #0 - SUBJECT ADDED ENTRY--TOPICAL TERM
Topical term or geographic name as entry element Schools
Form subdivision Juvenile fiction.
650 #7 - SUBJECT ADDED ENTRY--TOPICAL TERM
Topical term or geographic name as entry element Familia
Form subdivision Novela juvenil.
Source of heading or term bidex
650 #7 - SUBJECT ADDED ENTRY--TOPICAL TERM
Topical term or geographic name as entry element Escuelas
Form subdivision Novela juvenil.
Source of heading or term bidex
700 1# - ADDED ENTRY--PERSONAL NAME
Personal name Tiegreen, Alan.
700 1# - ADDED ENTRY--PERSONAL NAME
Personal name Bustelo, Gabriela.
942 ## - ADDED ENTRY ELEMENTS (KOHA)
Koha item type Libro/Book
Holdings
Withdrawn status Lost status Damaged status Not for loan Home library Current library Date acquired Inventory number Total Checkouts Full call number Barcode Date last seen Date checked out Price effective from Koha item type Source of classification or shelving scheme Checked out
        Barbudos -- Satellite Barbudos -- Satellite 21/02/2020   1   35801760 01/06/2021 01/06/2021 21/02/2020 Libro/Book   06/07/2021
        La Puerta Biblioteca -- Satellite La Puerta Biblioteca -- Satellite 03/01/2020   2   40302136 01/06/2023 05/02/2020 03/01/2020 Libro/Book    
        Las Brisas 1 -- Satellite Las Brisas 1 -- Satellite 14/05/2019       40001606 14/05/2019   14/05/2019 Libro/Book Dewey Decimal Classification  
        Las Brisas 1 -- Satellite Las Brisas 1 -- Satellite 14/05/2019       40001591 14/05/2019   14/05/2019 Libro/Book Dewey Decimal Classification  
        Monte Cristo -- Satellite Monte Cristo -- Satellite 21/02/2020       40201584 21/02/2020   21/02/2020 Libro/Book    
        San Juan Del Sur -- Biblioteca San Juan Del Sur -- Biblioteca 23/07/2015 inventory date: 20-1-25 5 JF 35200131 22/11/2022 25/04/2022 23/07/2015 Libro/Book    

Powered by Koha